000 00792cab a2200205 4500
001 ABS40491
008 090401t1989 xxu||||| |||| 00| 0 eng d
035 _a(Sirsi) u24268
041 _aeng
245 _aLandfill gas: are the planning issues blown up out of proportion?
260 _c1989
350 _a0
490 _aHouse Builder
_v48(3) March 1989, 38-42(3)
520 _aExamines two recent DOE documents providing guidance on the monitoring and control of landfill gas, Waste Management Paper No 27 and the Draft Circular on planning powers available to local authorities in dealing with landfill sites and considers the implications for housing development .
650 _aHAZARDOUS WASTES
650 _aMETHANE GAS
690 _aLAND
942 _n0
948 _c04/03/1997
999 _c16264
_d16264